Europe Map Quiz in Cantonese Syllables - Statistics

General Stats
  • This quiz has been taken 86 times
  • The average score is 19 of 45
Answers on the Map
Answers color-coded by a green-red scale on the quiz's map according to % correct below.
 
Answer Stats
Answer % Correct
Pou4 Tou4 Ngaa4
80%
Daan1 Mak6
73%
No4 Wai1
64%
Faat3 Gwok3
63%
Sai1 Baan1 Ngaa4
61%
Bo1 Laan4
59%
Fan1 Laan4
59%
Jing1 Gwok3
59%
Aa3 Ji5 Baa1 Nei4 Aa3
58%
Ji3 Daai6 Lei6
58%
Dak1 Gwok3
56%
Seoi6 Din2
56%
Ho4 Laan1
53%
Bou2 Gaa1 Lei6 Aa3
49%
Lo4 Maa5 Nei4 Aa3
49%
Bei2 Lei6 Si4
47%
Seoi6 Si6
47%
Bo1 Si1 Nei4 Aa3 Wo4
Hak1 Coi3 Go1 Wai3 Naa4
46%
Hung1 Ngaa4 Lei6
46%
Oi3 Ji5 Laan4
46%
Bing1 Dou2
44%
Laai1 Tyut3 Wai4 Aa3
44%
Ngo4 Lo4 Si1
44%
Mo1 Naap6 Go1
42%
Si1 Lok6 Fat6 Hak1
42%
Baak6 Ngo4 Lo4 Si1
39%
Lou4 Sam1 Bou2
39%
Hei1 Laap6
37%
Maa5 Ji5 Taa1
37%
Lit6 Zi1 Deon6 Si6 Dang1
34%
Mo1 Ji5 Do1 Ngaa5
34%
Sing3 Maa5 Lei6 Nok6
34%
Si1 Lok6 Man4 Nei4 Aa3
34%
Wu1 Hak1 Laan4
31%
Zit4 Hak1
29%
Ou3 Dei6 Lei6
27%
Bak1 Maa5 Kei4 Deon6
24%
Oi3 Saa1 Nei4 Aa3
24%
Laap6 Tou4 Jyun2
20%
Hak1 Lo4 Dei6 Aa3
19%
On1 Dou6 Ji5
19%
Coi3 Ji5 Wai3 Aa3
17%
Faan4 Dai3 Gong1
17%
Hak1 Saan1
17%
Fo1 Sok3 Juk1
15%
No matching quizzes found
Score Distribution
Percent of People with Each Score
Percentile by Number Answered
Your Score History
You have not taken this quiz